| 000 | 00985nam a2200265 a 4500 | ||
|---|---|---|---|
| 001 | 24673 | ||
| 003 | CO-ViMGA | ||
| 008 | 141112s2004 ck r 000 u spa d | ||
| 020 | _a8437609143 | ||
| 040 |
_aCO-ViMGA _bspa _cCO-ViMGA |
||
| 082 | 0 | 4 | _a980 L812h |
| 245 | 1 | 0 |
_aHistoria de Iberoamérica / _cManuel Lucena Salmoral ... [et al.] |
| 260 |
_aMadrid : _bSociedad Estatal para la Ejecución de Programas del Quinto Centenario ; Ediciones Cátedra, _c2002 |
||
| 300 | _av. : il. ; 24 cm | ||
| 490 | _aSerie mayor | ||
| 500 | _aConmemoración de los 500 años del descubrimiento de América. Biblioteca tiene : v. 2 | ||
| 505 | _aContenido : v.2 - Historia moderna | ||
| 591 | _a980 H47L 109476 - 77 v. 1, 3 Donac. 1991 5.500 11.000 | ||
| 598 | _aHISTORICAL | ||
| 651 |
_aAmérica Latina - Historia _936781 |
||
| 700 | 1 |
_aLucena Salmoral, Manuel, 1933 - _936782 |
|
| 930 | _ammo | ||
| 942 |
_2ddc _cBK |
||
| 949 | _a980 H47L D.SAMPER LIBRO DEWEY DEWEY DONACION GENERAL Y Y | ||
| 999 |
_c32484 _d32484 |
||